000 00352nam a22001337a 4500
008 170824b xxu||||| |||| 00| 0 eng d
020 _a0136048358
041 _aeng
080 _a51
100 _a38
101 _aMAT
245 _aMULTIVARIABLE MATHEMATICS LINEAR ALGEBRA DIFFERENTIAL EQUATIONS CALCULUS
_cWILLIAMSON.R.E
942 _2udc
_cBK
999 _c24828
_d24828